000 00570nam a22001697a 4500
005 20250625101516.0
008 250625b |||||||| |||| 00| 0 eng d
020 _a0-230-50780-8
050 _aHQ 1236 .S74 2007
100 _aSTEVENS, ANNE
245 _aWOMEN, POWER AND POLITICS
260 _aNEW YORK
_bPALGRAVE MACMILLAN
_c 2007
300 _a XIV, 266 P.: ILL.
500 _aINCLUDES BIBLIOGRAPHICAL REFERENCES AND INDEX
650 _a1. WOMEN--POLITICAL ACTIVITY--OECD COUNTRIES. 2. WOMEN AND DEMOCRACY. 3. WOMEN--POLITICAL ACTIVITY.
942 _2lcc
_cBK
999 _c215757
_d215757